LEADER 02061nam0 22004093i 450 001 RAV0061372 005 20251003044320.0 020 $aIT$b846120 100 $a20130827d1984 ||||0itac50 ba 101 | $aita 102 $ait 181 1$6z01$ai $bxxxe 182 1$6z01$an 183 1$6z01$anc$2RDAcarrier 200 1 $aˆIl ‰mercato del lavoro regionale e locale$emetodi di analisi, previsione e gestione$fR. Arcangeli ... [et. al.]$ga cura di Agostino La Bella 210 $aMilano$cAngeli$dc1984 215 $a378 p.$d22 cm. 225 | $aIstituto di analisi dei sistemi ed informatica del Consiglio nazionale delle ricerche$v3 410 0$1001CFI0110805$12001 $aIstituto di analisi dei sistemi ed informatica del Consiglio nazionale delle ricerche$v3$171202$aIstituto di analisi dei sistemi ed informatica$3CFIV014972 606 $aLavoro$xDomanda e offerta$xPrevisioni$2FIR$3CFIC003691$9I 606 $aOccupazione e disoccupazione$2FIR$3CFIC010994$9E 676 $a331.120945$9MERCATO DEL LAVORO. Italia$v23 676 $a331.137$9DISFUNZIONI DEL MERCATO DEL LAVORO. DISOCCUPAZIONE$v23 696 $aPrevisione$aDomanda$aOfferta 699 $aPrevisioni$zPrevisione 699 $aDomanda e offerta$xDomanda$xOfferta 702 1$aLa Bella$b, Agostino$3CFIV056550 702 1$aArcangeli$b, Rosalia$3RAVV030231 801 3$aIT$bIT-000000$c20130827 850 $aIT-BN0095 $aIT-NA0457 901 $bNAP BI$cSALA 1 $nLibri da 1 a 960 901 $bNAP 01$cPOZZO LIB.$nVi sono collocati fondi di economia, periodici di ingegneria e scienze, periodici di economia e statistica e altri fondi comprendenti documenti di economia pervenuti in dono. 912 $aRAV0061372 950 0$aBiblioteca Centralizzata di Ateneo$c1 v.$d 01POZZO LIB.ECON MON 6418$e 0101 0700135245E VMA 1 v. ( Precedente collocazione 13 Ec 524)$fB $h20220714$i20220714 977 $a 01$a BI 996 $aMERCATO del lavoro regionale e locale$9616307 997 $aUNISANNIO